Suomen kunnat ulkomaalaistaustaisilla - Statistics

Yleistilastot
  • Tätä visaa on pelattu 132 kertaa
  • Keskiarvotulos 6 / 10
Vastaustilastot
% Suurin tausta Kunta % Oikein
20,8% Neuvostoliitto Helsinki
98%
25,1% Neuvostoliitto Espoo
91%
29,2% Viro Vantaa
89%
23,4% Ruotsi Maarianhamina
69%
22,2% Ruotsi Eckerö
49%
17,6% Viro Kerava
47%
23% Vietnam Närpiö
46%
20,2% Ruotsi Geta
39%
24,3% Ruotsi Föglö
29%
26,7% Ruotsi Sottunga
29%
Ehtoja vastaavia visoja ei löytynyt
Tulosjakauma
Jokaisen tuloksen saaneiden osuus
Persentiili vastausten määrän mukaan
Tuloshistoriasi
Et ole pelannut tätä visaa